Arquitectura e informática
Gorde:
| Egile Nagusiak: | , , |
|---|---|
| Formatua: | Liburua |
| Hizkuntza: | gaztelania |
| Argitaratua: |
Barcelona
Gustavo Gili
1999
|
| Saila: | GG Básicos
|
| Gaiak: | |
| Etiketak: |
Etiketa erantsi
Etiketarik gabe, Izan zaitez lehena erregistro honi etiketa jartzen!
|
MARC
| LEADER | 00000nam a2200000 a 4500 | ||
|---|---|---|---|
| 001 | UCL4588 | ||
| 003 | CL-VaPUC | ||
| 008 | 040116e19990000SP |||||||||||||||||spa|d | ||
| 020 | |a 8425217660 | ||
| 082 | 0 | 4 | |a 720.1 |b PEL |2 21 |
| 100 | 0 | |a Pellegrino, Pierre |e author |9 482185 | |
| 700 | 0 | |a Jeanneret, Emmanuelle P |e author |9 482186 | |
| 700 | 0 | |a Leone, Anthony |e author |9 482187 | |
| 245 | 1 | 0 | |a Arquitectura e informática |
| 300 | |a 107 p | ||
| 942 | |c BK | ||
| 945 | |d 20040116 00:00:00 |a cmena | ||
| 260 | |a Barcelona |b Gustavo Gili |c 1999 | ||
| 650 | 0 | |a Filosofía de la arquitectura |9 267382 | |
| 650 | 0 | |a Aplicaciones de computadores |9 260401 | |
| 583 | |a last modification |c 20040116 00:00:00 |k Rodrigo Vera | ||
| 490 | 0 | |a GG Básicos | |
| 999 | |c 307410 |d 307408 | ||
| 952 | |0 0 |1 0 |4 0 |6 720_100000000000000_PEL_1999 |7 0 |8 A |9 373358 |a BIBARQ |b BIBARQ |d 2019-11-21 |i 3981509 |o 720.1 PEL 1999 |p 3981509 |r 2025-01-20 |w 2019-11-21 |y BK |k ARQ | ||